Personajes / (Registro nro. 13118)

Detalles MARC
000 -LIDER
fixed length control field 00916nam a22002537a 4500
003 - IDENTIFICACDOR DE NÚMERO DE CONTROL
control field DO-SdBNP
005 - DATE AND TIME OF LATEST TRANSACTION
control field 20220516122017.0
008 - ELEMENTOS DE LONGITUD FIJA
fixed length control field 161031b 2003 mx a 00| 0 spa d
020 ## - ISBN
International Standard Book Number 9707230010
040 ## - FUENTE DE CATALOGACIÓN
Agencia que crea de manera original el registro BPMSU
Idioma de catalogación spa
Agencia que realiza la transcripción BPMSU
082 ## - NÚMERO DE CLASIFICACIÓN DECIMAL DE DEWEY
Classification number 920.008
Item number O96p. 2003
Edition number 22
100 1# - ASIENTO PRINCIPAL -- NOMBRE PERSONAL
Nombre personal Ovejero, Juan Jesús
245 10 - MENCIÓN DE TITULO
Título Personajes /
Mención de responsabilidad Juan Jesús Ovejero ; ilustración José Ángel Noriega, José Alfonso Niño Bastidas, José Ignacio Andrade García, Jorge Francisco Arce Corona
260 ## - PUBLICACIÓN, DISTRIBUCIÓN, ETC. (PIE DE IMPRENTA)
Lugar de publicación, distribución, etc Mexico :
Nombre del editor, distribuidor, etc. Ibalpe,
Fecha de publicación, distribución, etc 2003.
300 ## - DESCRIPCIÓN FÍSICA
Extensión 1033 p. :
Otros detalles físicos il.
Dimensiones 29 cm.
590 ## - NOTA LOCAL
Enlace Inventariado. 2022/VM
650 #4 - ENCABEZAMIENTO DE MATERIA--TEMÁTICO
Término temático o nombre geográfico como elemento de entrada Personajes
Subdivisión de forma Biografías
Fuente del encabezamiento o término
700 1# - ASIENTO SECUNDARIO -- NOMBRE PERSONAL
Nombre personal Noriega, José Ángel
Mención de responsabilidad ilustraciones
700 1# - ASIENTO SECUNDARIO -- NOMBRE PERSONAL
Nombre personal Niño Bastidas, José Alonso
Mención de responsabilidad il.
700 1# - ASIENTO SECUNDARIO -- NOMBRE PERSONAL
Nombre personal Andrade García, José Ignacio
Mención de responsabilidad ilustraciones
700 1# - ASIENTO SECUNDARIO -- NOMBRE PERSONAL
Nombre personal Arce Corona, Jorge Francisco
Mención de responsabilidad ilustraciones
910 ## - VALIDACIÓN
Validación VMateo V.
942 ## - ADDED ENTRY ELEMENTS (KOHA)
Source of classification or shelving scheme Dewey Decimal Classification
Koha item type Libros
Existencias
Withdrawn status Lost status Source of classification or shelving scheme Damaged status Not for loan Collection code Home library Current library Date acquired Source of acquisition Cost, normal purchase price Full call number Barcode Date last seen Price effective from Koha item type
    Dewey Decimal Classification     Colección General Biblioteca Pública Metropolitana Salomé Ureña Biblioteca Pública Metropolitana Salomé Ureña 11/27/2017 Compra D´ la Rosa internacional 3095.00 BPMSU CG R920.008 O96p 2003 BPMSU17110449 11/27/2017 11/27/2017 Libros